000 00720nam a2200265Ia 4500
003 OSt
005 20220918212057.0
006 a|||||r|||| 00| 0
007 ta
008 220917b |||||||| |||| 00| 0 eng d
024 _a127,117
037 _cTextual
040 _aARTS
_cARTS
_beng
041 _2eng
_aeng
082 _aX.3.N8, L9
100 _aGough Ian
_9122360
245 0 _aPolitical economy of the welfare state
260 _aLondon
_bMacmillan
_c1979
300 _axii, 196p.
_ccm.
490 _aCritical texts in social work and the welfare state
500 _aAppendix p155-166
650 _aECONOMICS
942 _hX.3.N8, L9
_cTEXL
_2CC
999 _c250259
_d250259